| 000 | 00000nam 2200000zi 4500 |
| 001 | 9.939853 |
| 003 | CaOODSP |
| 005 | 20250107144100 |
| 006 | m o d f |
| 007 | cr mn||||||||| |
| 008 | 240626t20242024oncd obs f000 0 eng d |
| 040 | |aCaOODSP|beng|erda|cCaOODSP |
| 043 | |an-cn--- |
| 086 | 1 |aCS36-28-0001/2024-6-5E-PDF |
| 100 | 1 |aStick, Max, |eauthor. |
| 245 | 10|aSocioeconomic profile of working-age immigrants in same-sex couples in Canada from 2000 to 2020 / |cby Max Stick, Allison Leanage and Rubab Arim. |
| 264 | 1|a[Ottawa] : |bStatistics Canada = Statistique Canada, |c2024. |
| 264 | 4|c©2024 |
| 300 | |a1 online resource (18 pages) : |bgraphs. |
| 336 | |atext|btxt|2rdacontent |
| 337 | |acomputer|bc|2rdamedia |
| 338 | |aonline resource|bcr|2rdacarrier |
| 490 | 1 |aEconomic and social reports, |x2563-8955 ; |vVol. 4, no. 6, June 2024 |
| 500 | |aCover title. |
| 500 | |a"Release date: June 26, 2024." |
| 500 | |aIssued also in French under title: Profil socioéconomique des immigrants en âge de travailler vivant au sein d’un couple de même sexe au Canada de 2000 à 2020. |
| 504 | |aIncludes bibliographical references (pages 16-18). |
| 650 | 0|aImmigrants|zCanada|xStatistics. |
| 650 | 0|aImmigrants|zCanada|xEconomic conditions|vStatistics. |
| 650 | 0|aGay couples|zCanada|vStatistics. |
| 655 | 7|aStatistics|2lcgft |
| 710 | 2 |aStatistics Canada, |eissuing body. |
| 775 | 08|tProfil socioéconomique des immigrants en âge de travailler vivant au sein d’un couple de même sexe au Canada de 2000 à 2020 / |w(CaOODSP)9.939855 |
| 830 | #0|aEconomic and social reports (Statistics Canada)|x2563-8955 ; |vVol. 4, no. 6, June 2024.|w(CaOODSP)9.895760 |
| 856 | 40|qPDF|s742 KB|uhttps://publications.gc.ca/collections/collection_2024/statcan/36-28-0001/CS36-28-0001-2024-6-5-eng.pdf |
| 856 | 4 |qHTML|sN/A|uhttps://www150.statcan.gc.ca/n1/pub/36-28-0001/2024006/article/00005-eng.htm |